'X' Alphabetically Quiz Stats

 Plays Quiz Updated Nov 14, 2013

Support Sporcle.
Go Orange.
Score 0/24 Timer 04:00
1 Play Today
% Correct
hexagon
94.7%
jukebox
93.9%
Texas
93.3%
(Richard) Nixon
92.8%
Kleenex
92.1%
galaxy
91.7%
wax
89.9%
xylophone
89.8%
crucifix
89.2%
lynx
88.9%
Sphinx
88.2%
Phoenix
87.2%
% Correct
vortex
82.9%
axle
79.1%
duplex
78.4%
onyx
75.6%
explosive
70.2%
matrix
67.5%
(Don) Quixote
58.9%
ibex
58.5%
Unix
45.2%
Roxanne
42.5%
Bronx
41.2%
FoxTrot
32.8%

You're not logged in!

Compare scores with friends on all Sporcle quizzes.
OR
Log In

From the Vault

1980s Movies A-Z II

by ghcgh

We're surprised Molly Ringwald only made one appearance in this quiz.
Remove Ads.
Support Sporcle.
Get the best of Sporcle when you Go Orange. This ad-free experience offers more features, more stats, and more fun while also helping to support Sporcle. Thank you for becoming a member.

Show Comments

Extras

Top Quizzes Today


Score Distribution

Your Account Isn't Verified!

In order to create a playlist on Sporcle, you need to verify the email address you used during registration. Go to your Sporcle Settings to finish the process.

Report this User

Report this user for behavior that violates our Community Guidelines.

Details: